[Event "Mittelrhein Verbandsliga West 1920"]
[Site "Mittelrhein"]
[Date "2019.11.17"]
[Round "3.8"]
[White "Alms, Marlene"]
[Black "Titz, Peter"]
[Result "1-0"]
[WhiteElo "1570"]
[BlackElo "1726"]
[PlyCount "95"]
[EventDate "2019.09.29"]
[EventType "team-tourn"]
[EventRounds "9"]
[EventCountry "GER"]
[SourceTitle "EXT 2023"]
[Source "ChessBase"]
[SourceDate "2022.10.05"]
[SourceVersion "1"]
[SourceVersionDate "2022.10.05"]
[SourceQuality "1"]
[WhiteTeam "Eilendorf Arminia"]
[BlackTeam "Lendersdorf"]
[WhiteTeamCountry "GER"]
[BlackTeamCountry "GER"]

1. e4 e6 2. d4 d5 3. exd5 exd5 4. Bd3 Bd6 5. Ne2 Ne7 6. Ng3 Nbc6 7. c3 Be6 8. Be3 Qd7 9. Nd2 Nf5 10. Qe2 0-0-0 11. 0-0 Rde8 12. Nxf5 Bxf5 13. Bb5 f6 14. b4 g5 15. Nb3 Bf4 16. Nc5 Qd6 17. a4 Re7 18. a5 Nd8 19. Ba4 h5 20. b5 Kb8 21. Bd1 Bxh2+ 22. Kh1 Bf4 23. b6 h4 24. bxc7+ Qxc7 25. Bxf4 gxf4 26. Qb5 Ka8 27. a6 h3 28. g3 fxg3 29. fxg3 Be4+ 30. Bf3 Qxg3 31. Bxe4 dxe4 32. Qe2 Rg8 33. Ra2 Qxc3 34. axb7+ Nxb7 35. Nxb7 Rxb7 36. Qxe4 Qc4 37. Rb1 Rgb8 38. Rba1 Qxa2 39. Rxa2 Rc8 40. Kh2 Kb8 41. Kxh3 Rh8+ 42. Kg4 f5+ 43. Qxf5 Rg7+ 44. Kf4 Rh4+ 45. Kf3 Rhh7 46. Rb2+ Kc7 47. Qe5+ Kc8 48. Rb8+ 1-0